01676nab a2200205 i 4500003000900000005001700009008004100026040001800067072000800085100003900093100003000132245007600162500006500238520086200303650001401165650001001179650001401189773018901203856007801392BR-BrBNA20250505131534.0250505b2017 bl.qr|pooa||| 00| 0 por | aBR-BrBNAbpor aF70 aOliveira-da-Silva, Fúvio Rubens  aIlkiu-Borges, Anna Luiza  aFlora das cangas da Serra dos Carajás, Pará, Brasil: Fissidentaceae aPublicação on-line; 7 ref.; 3 illus.; Summaries (En, Pt) a Resumo Este estudo apresenta as espécies de Fissidentaceae registradas para as áreas de canga na Serra dos Carajás, no estado do Pará. São apresentadas descrições detalhadas, ilustrações e comentários morfológicos de seis espécies do gênero Fissidens: F. guianensis, F. hornschuchii, F. pellucidus, F. perfalcatus, F. radicans e F. submarginatus. Palavras-chave: Brioflora, FLONA Carajás, musgos, taxonomia. Abstract This study presents the species of Fissidentaceae recorded for the areas of cangas in Serra dos Carajás, Pará state. Detailed descriptions, illustrations and morphologic comments are given for six species of the genus Fissidens: F. guianensis, F. hornschuchii, F. pellucidus var. pellucidus, F. perfalcatus F. radicans and F. submarginatus. Key words: Bryoflora, FLONA Carajás, mosses, taxonomy. aCARAJÁS aMUSGO aTAXONOMIA0 0709dRio de Janeiro-RJ Jardim Botanico do Rio de Janeiro 1935o2025-2634tRodriguésia (Brazil)x0370-6583; 2175-7860 on-linegv. 68(3 special number) p. 809-815; (2017)wBR2025000826 uhttps://www.scielo.br/j/rod/a/tKhs9Q8fyf8T73sFnPfQmRq/?format=pdf&lang=pt